01118cam a22002531a 450000100090000000300040000900500170001300800410003001000170007103500190008804000680010708200150017524502470019026000440043730000240048144000440050549000390054950000430058850400410063165000200067265000300069271000680072283000740079010224175OSt20230704114112.0770311s1948 dcu b f000 0 eng c asd 48000052  a(OCoLC)2794023 aU.S. Dept. of State. LibrarycDSIdMoSU-LdOCoLCdNhDdOCUdDLC a341.6bINT04aThe International control of atomic energy :bpolicy at the crossroads : an informal summary record of the policy developments concerning the international control of atomic energy, October 15, 1946 to May 17, 1948 /cThe Department of State. aWashington, D.C. :bU.S. G.P.O.,c1948. ax, 251 p. ;c24 cm. 0aDepartment of State publication ;v31611 aGeneral foreign policy series ;v3 a"Office of Public Affairs"--Verso t.p. aIncludes bibliographical references. 0aNuclear energy. 0aNuclear nonproliferation.1 aUnited States.bDepartment of State.bOffice of Public Affairs. 0aDepartment of State publication.pGeneral foreign policy series ;v3.